Представление документа в формате RUSMARC

ПолеНазваниеЗначение
  Тип записи a
  Библиографический уровень m
001 Контрольный номер c41d0dbe9ab54418b70013c4d8dc9476
005 Дата корректировки 20160122140228.8
010 Индекс ISBN __
a ISBN 978-5-222-22496-0
d Цена 330,00
101 Язык документа 0_
a Язык текста rus
102 Страна публикации __
a Страна публикации RU
200 Заглавие и сведения об ответственности 1_
a Заглавие Деловое общение
b Общее обозначение материала Текст
e Сведения, относящиеся к заглавию Учебное пособие для бакалавров
f Первые сведения об ответственности И. Н. Кузнецов
210 Выходные данные 1_
a Место издания Ростов н/Д
c Издательство Феникс
d Дата издания 2014
215 Физическое описание __
a Объем 335с.
225 Серия 2_
a Серия Высшее образование
610 Ключевые слова 0_
a Ключевые слова общение
a Ключевые слова деловое общение
a Ключевые слова ораторское искусство
a Ключевые слова техника речи
a Ключевые слова дыхание
a Ключевые слова Артикуляция
a Ключевые слова Темп речи
a Ключевые слова Громкость голоса
a Ключевые слова Ритм речи
686 Индексы других классификаций __
a Классификационный индекс 88
700 Автор _1
a Фамилия Кузнецов И. Н.
801 Источник записи _0
a Страна RU
b Организация РУК
g Правила каталогизации PSBO
801 Источник записи _1
a Страна RU
b Организация РУК
g Правила каталогизации PSBO
852 Данные о местонахождении __
i Авторский знак К 89
j Шифр хранения 88
b Сигла хранения ЧЗ_2
t Номер экземпляра 1
p Инвентарный номер 1800150181
901 Тип документа __
t Тип документа m
937 Технологическая информация __
a Создатель записи (имя) Носкова
938 Служебная информация __
a Название организации Саранский филиал
952 Тип литературы __
c Вид литературы учебное пособие